The modern accountant's handbook (Record no. 77715)

MARC details
000 -LEADER
fixed length control field 00899nam a2200205 a 4500
008 - FIXED-LENGTH DATA ELEMENTS--GENERAL INFORMATION
fixed length control field 120416s1976 ||||||||||||||||| || u
020 ## - INTERNATIONAL STANDARD BOOK NUMBER
International Standard Book Number 0870941216
050 ## - LIBRARY OF CONGRESS CALL NUMBER
Classification number HF 5635 Mod
100 ## - MAIN ENTRY--PERSONAL NAME
Personal name Edwards, James Don
245 14 - TITLE STATEMENT
Title The modern accountant's handbook
Statement of responsibility, etc. edited by James Don Edwards
260 ## - PUBLICATION, DISTRIBUTION, ETC.
Place of publication, distribution, etc. Homewood, [Ill.]
Name of publisher, distributor, etc. Dow Jones-Irwin
Date of publication, distribution, etc. 1976
300 ## - PHYSICAL DESCRIPTION
Extent xxvi, 1203p.: ill.
350 ## -
-- 0.00
500 ## - GENERAL NOTE
General note Includes bibliographical references and indexes.
650 ## - SUBJECT ADDED ENTRY--TOPICAL TERM
Topical term or geographic name entry element TEXTBOOKS
650 ## - SUBJECT ADDED ENTRY--TOPICAL TERM
Topical term or geographic name entry element FINANCIAL STATEMENTS--HANDBOOKS, MANUALS, ETC
700 ## - ADDED ENTRY--PERSONAL NAME
Personal name Black, Homer A., 1923-
995 ## -
-- MAIN LIBRARY OPEN ACCESS
-- 0.00
-- 006282
-- CBU-MAIN LIBRARY (Kitwe)
-- 2
-- 45.00
-- HF 5635 Mod
-- AVAILABLE
-- 006282
-- Main Library Open Access Collection
995 ## -
-- ANNEX COLLECTION (Main Library)
-- 0.00
-- 006257
-- CBU-MAIN LIBRARY (Kitwe)
-- 1
-- 45.00
-- HF 5635 Mod
-- AVAILABLE
-- 006257
-- Annex Low-Usage Collection
999 ## -
-- 77715
-- 77715
Holdings
Withdrawn status Lost status Source of classification or shelving scheme Damaged status Not for loan Permanent Location Current Location Shelving location Date acquired Total Checkouts Full call number Barcode Date last seen Copy number Price effective from Koha item type
          CBU-MAIN LIBRARY, KITWE. CBU-MAIN LIBRARY, KITWE.   05/03/2023   HF 5635 Mod 006282 05/03/2023 1 05/03/2023 MONOGRAPH
          CBU-MAIN LIBRARY, KITWE. CBU-MAIN LIBRARY, KITWE.   05/03/2023   HF 5635 Mod 006257 05/03/2023 2 05/03/2023 MONOGRAPH